| 000 | 01897nam a2200229 i 4500 | ||
|---|---|---|---|
| 001 | 180311 | ||
| 003 | ES-MaACL | ||
| 005 | 20250809000519.0 | ||
| 008 | 120528s1904 fr |||| | fre d | ||
| 245 | 0 | 3 |
_aLa protection légale des travailleurs _b: discussions de la Section nationale française [de l'Association internationale pour la protection légale des travailleurs]. |
| 260 |
_aParis : _bFélix Alcan, _c1904. |
||
| 300 |
_aXII, 372 p. ; _c18 cm. |
||
| 490 | 1 |
_aAssociation nationale française pour la protection légale des travailleurs ; _vSérie 1 |
|
| 505 | 8 | _aContiene: 11 textes formant la 1ère série des publications de l'Association: Introd. André Lichtenberger, L'Association internationale pour la protection légale des travailleurs...; 1: Georges Fauquet, La protection légale des femmes avant et après l'accouchement; 2: Ivan Strohl; François Fagnot, La réglementation hebdomadaire de la durée du travail...; 3: Étienne Martin Saint-Léon, L'âge d'admission des enfants au travail industriel...; 4: Henriette Brunhes, La Ligue sociale d'acheteurs; 5: A. Artaud, La protection légale de l'employé...; 6: abbé Lemire, La réglementation de la durée du travail dans les mines; 7: François Fagnot: La réglementation de la durée du travail en chambre; 8: René Pinon; La protection des travailleurs indigènes aux colonies; 9: Raoul Jay, L'emploi des enfants dans les théâtres et cafés-concerts; 10: Henri Hayem, Le droit de citation directe pour les associations | |
| 650 | 7 |
_aDerecho laboral _2embne _9135885 |
|
| 650 | 0 | 4 |
_aTrabajadores. _917577 |
| 710 | 2 |
_aAssociation Nationale Française pour la Protection Légale des Travailleurs. _9150138 |
|
| 830 | 0 |
_aAssociation nationale française pour la protection légale des travailleurs ; _vSérie 1 _9191246 |
|
| 852 |
_aES-MaACL _jD-1413 |
||
| 852 |
_aES-MaACL _jD-1267 |
||
| 999 |
_c180311 _d180311 |
||